All the Garden Seeds in Cookie Clicker - Statistics

General Stats
  • This quiz has been taken 13 times
  • The average score is 16 of 34
Answer Stats
Answer % Correct
Baker's Wheat
100%
Cronerice
89%
Golden Clover
89%
Juicy Queenbeet
89%
Queenbeet
89%
Thumbcorn
89%
Brown Mold
78%
Bakeberry
67%
Chocoroot
67%
White Chocoroot
67%
White Mildew
67%
Crumbspore
56%
Gildmillet
56%
Meddleweed
56%
Cheapcap
44%
Duketater
44%
Everdaisy
44%
Ordinary Clover
44%
Shriekbulb
44%
Doughshroom
33%
Shimmerlily
33%
Chimerose
22%
Drowsyfern
22%
Elderwort
22%
Fool's Bolete
22%
Glovemorel
22%
Green Rot
22%
Ichorpuff
22%
Keenmoss
22%
Nursetulip
22%
Tidygrass
22%
Wardlichen
22%
Whiskerbloom
22%
Wrinklegill
0%
No matching quizzes found
Score Distribution
Percent of People with Each Score
Percentile by Number Answered
Your Score History
You have not taken this quiz